000
00309nam a2200133Ia 4500
008
231129s1989||||xx |||||||||||||| ||spa||
040
_b
spa
082
_a
986.1327 C268q
100
_a
Cardona Tobon Alfredo
245
0
_a
Quinchia mestizo
260
_c
1989
264
_a
Fondo Editorial
942
_2
ddc
_c
BKS
999
_c
23671
_d
23671